[Event "Dhaka Laila Alam op 13th"]
[Site "Dhaka"]
[Date "2023.02.08"]
[Round "2"]
[White "Thakur Zania, Haque"]
[Black "Ahmed, Walijah"]
[Result "0-1"]
[WhiteElo "1477"]
[BlackElo "1932"]
[PlyCount "64"]
[EventDate "2023.02.07"]
[EventType "swiss"]
[EventRounds "7"]
[EventCountry "BAN"]
[SourceTitle "EXT 2024"]
[Source "ChessBase"]
[SourceDate "2023.10.10"]
[SourceVersion "1"]
[SourceVersionDate "2023.10.10"]
[SourceQuality "1"]

1. d4 d5 2. Nf3 Nf6 3. g3 c6 4. Bg2 Bf5 5. Nbd2 e6 6. c4 Be7 7. 0-0 0-0 8. Nh4 Bg4 9. Nhf3 Nbd7 10. b3 Rc8 11. Re1 Bb4 12. Bb2 Ne4 13. Rf1 Nxd2 14. Nxd2 Qg5 15. Nf3 Qh5 16. a3 Bd6 17. Re1 f5 18. e3 Nf6 19. h3 Bxh3 20. Bxh3 Qxh3 21. Ng5 Qh6 22. Nxe6 Ng4 23. Qf3 Qxe6 24. Kg2 Qe4 25. Qxe4 fxe4 26. Re2 Rf3 27. Rf1 Rcf8 28. Bc1 Bxg3 29. Bd2 Bxf2 30. Bb4 Rg3+ 31. Kh1 Rh3+ 32. Kg2 Rh2# 0-1

[Event "BAN-chB (Women) 41st"]
[Site "Dhaka"]
[Date "2022.11.14"]
[Round "8"]
[White "Thakur Zania, Haque"]
[Black "Ayasa, Akter"]
[Result "1-0"]
[WhiteElo "1486"]
[BlackElo "1199"]
[PlyCount "80"]
[EventDate "2022.11.07"]
[EventType "swiss"]
[EventRounds "8"]
[EventCountry "BAN"]
[SourceTitle "EXT 2024"]
[Source "ChessBase"]
[SourceDate "2023.10.10"]
[SourceVersion "1"]
[SourceVersionDate "2023.10.10"]
[SourceQuality "1"]

1. d4 d5 2. Nf3 Nc6 3. Bf4 Bf5 4. c3 Nf6 5. Nbd2 h6 6. h3 e6 7. e3 a6 8. Be2 Bd6 9. Bxd6 Qxd6 10. a3 0-0 11. Rc1 b5 12. 0-0 Rfe8 13. Nh2 Na7 14. f4 a5 15. Ng4 Nxg4 16. Bxg4 Bh7 17. Qe1 f5 18. Bh5 g6 19. Qg3 Kg7 20. Be2 a4 21. Nf3 Rab8 22. h4 h5 23. Ne5 Rh8 24. Bxh5 Kf6 25. Qg5+ Kg7 26. Bxg6 Qd8 27. Qg3 Kf8 28. h5 Rg8 29. Qg5 Qxg5 30. fxg5 Bxg6 31. Nxg6+ Kf7 32. g4 Rxg6 33. hxg6+ Kxg6 34. gxf5+ exf5 35. Rf3 Kxg5 36. Kf2 Nc6 37. Rg1+ Kf6 38. Rh1 Na5 39. Rh5 Nc4 40. Rfxf5+ Kg6 1-0

[Event "BAN-chB (Women) 41st"]
[Site "Dhaka"]
[Date "2022.11.12"]
[Round "6"]
[White "Warisa, Haider"]
[Black "Thakur Zania, Haque"]
[Result "1-0"]
[WhiteElo "1177"]
[BlackElo "1486"]
[PlyCount "121"]
[EventDate "2022.11.07"]
[EventType "swiss"]
[EventRounds "8"]
[EventCountry "BAN"]
[SourceTitle "EXT 2024"]
[Source "ChessBase"]
[SourceDate "2023.10.10"]
[SourceVersion "1"]
[SourceVersionDate "2023.10.10"]
[SourceQuality "1"]

1. e4 e6 2. d4 d5 3. exd5 exd5 4. Nf3 Nf6 5. Bd3 Be6 6. 0-0 Be7 7. Nc3 c6 8. Bf4 Bd6 9. Bxd6 Qxd6 10. Re1 Nbd7 11. Bf5 0-0-0 12. Bxe6 fxe6 13. Ng5 Rdf8 14. Nxe6 Rf7 15. Ng5 Re7 16. Rxe7 Qxe7 17. Qe2 Qxe2 18. Nxe2 Re8 19. Re1 h6 20. Nf7 Rf8 21. Nd6+ Kc7 22. Nf5 Rf7 23. Nf4 Ne4 24. Ne6+ Kb6 25. Nexg7 Nd6 26. Nxd6 Rxg7 27. Nf5 Rg6 28. Re7 Nf8 29. Rf7 Re6 30. Kf1 Ng6 31. Nxh6 Ne7 32. Ng4 c5 33. c3 Nc6 34. dxc5+ Kxc5 35. Rxb7 d4 36. cxd4+ Nxd4 37. Ne3 a5 38. Rc7+ Kb6 39. Nd5+ Kb5 40. Re7 Rd6 41. Re5 Kc4 42. Ne3+ Kd3 43. Rxa5 Rc6 44. Ra3+ Ke4 45. Rc3 Ra6 46. Nd1 Rxa2 47. Ra3 Rxa3 48. bxa3 Kf4 49. a4 Nb3 50. Ke2 Ke4 51. Nc3+ Kd4 52. h4 Kxc3 53. h5 Nd4+ 54. Ke3 Nf5+ 55. Kf4 Ne7 56. a5 Kb4 57. a6 Nd5+ 58. Kg5 Nc7 59. h6 Kb5 60. a7 Ne6+ 61. Kg6 1-0

[Event "BAN-ch (Women)"]
[Site "Dhaka"]
[Date "2022.01.04"]
[Round "7"]
[White "Thakur Zania, Haque"]
[Black "Nargis, Kaumudi"]
[Result "1-0"]
[WhiteElo "1472"]
[BlackElo "1237"]
[PlyCount "63"]
[EventDate "2021.12.29"]
[EventType "swiss"]
[EventRounds "11"]
[EventCountry "BAN"]
[SourceTitle "EXT 2023"]
[Source "ChessBase"]
[SourceDate "2022.10.05"]
[SourceVersion "1"]
[SourceVersionDate "2022.10.05"]
[SourceQuality "1"]

1. c4 d6 2. d4 c6 3. Nf3 Qc7 4. Nc3 Nd7 5. e3 e5 6. e4 Ngf6 7. Bd3 Be7 8. h3 0-0 9. Be3 Ne8 10. Qc2 Ndf6 11. 0-0 Bd7 12. Nh2 Qc8 13. f4 Bxh3 14. gxh3 Qxh3 15. Rf3 Qc8 16. Qg2 Nd7 17. f5 f6 18. Rg3 exd4 19. Bxd4 c5 20. Be3 Ne5 21. Be2 Qd7 22. Bh6 Bd8 23. Bh5 Kh8 24. Bxe8 Qxe8 25. Bxg7+ Kg8 26. Bxf8+ Kxf8 27. Rg8+ Ke7 28. Rxe8+ Kxe8 29. Qg8+ Kd7 30. Qe6+ Kc7 31. Rd1 a6 32. Qxd6+ 1-0

[Event "Dhaka Saarc (Women) op 1st"]
[Site "Dhaka"]
[Date "2019.12.02"]
[Round "8"]
[White "Aeon, Sarker"]
[Black "Thakur Zania, Haque"]
[Result "0-1"]
[WhiteElo "1449"]
[BlackElo "1499"]
[PlyCount "70"]
[EventDate "2019.11.25"]
[EventType "swiss"]
[EventRounds "9"]
[EventCountry "BAN"]
[SourceTitle "CBM 193 Extra"]
[Source "ChessBase"]
[SourceDate "2020.01.31"]
[SourceVersion "1"]
[SourceVersionDate "2020.01.31"]
[SourceQuality "1"]

1. e4 e6 2. d4 d5 3. e5 c5 4. c3 Nc6 5. Nf3 cxd4 6. cxd4 Bb4+ 7. Nc3 Nge7 8. a3 Ba5 9. Bg5 h6 10. Bh4 Qc7 11. Rc1 a6 12. b4 Bb6 13. Na4 Nf5 14. Nc5 Ncxd4 15. Nd3 Nxf3+ 16. gxf3 Qd7 17. Bg3 0-0 18. Bf4 Qe7 19. Rg1 Kh7 20. Nc5 Bxc5 21. Rxc5 Bd7 22. Rc7 b5 23. Bd3 Rfc8 24. Bxf5+ exf5 25. Rxc8 Rxc8 26. Qxd5 Be6 27. Qd6 Qb7 28. Be3 Qxf3 29. Bc5 Qe4+ 30. Kd2 Qf4+ 31. Ke1 Qh4 32. Rg3 Rd8 33. Qe7 Qe4+ 34. Be3 Qh1+ 35. Ke2 Qd1# 0-1

[Event "Dhaka Saarc (Women) op 1st"]
[Site "Dhaka"]
[Date "2019.11.28"]
[Round "4"]
[White "Khan, Nazrana"]
[Black "Thakur Zania, Haque"]
[Result "1-0"]
[WhiteElo "1961"]
[BlackElo "1499"]
[PlyCount "45"]
[EventDate "2019.11.25"]
[EventType "swiss"]
[EventRounds "9"]
[EventCountry "BAN"]
[SourceTitle "CBM 193 Extra"]
[Source "ChessBase"]
[SourceDate "2020.01.31"]
[SourceVersion "1"]
[SourceVersionDate "2020.01.31"]
[SourceQuality "1"]

1. d4 Nf6 2. Nf3 e6 3. e3 d5 4. Bd3 g6 5. 0-0 Bg7 6. c4 dxc4 7. Bxc4 Nbd7 8. Nc3 c6 9. e4 0-0 10. e5 Nd5 11. Ne4 h6 12. a4 a6 13. a5 f6 14. exf6 N7xf6 15. Qe2 Nxe4 16. Qxe4 Kh7 17. Ra3 Rf5 18. Ne5 Bxe5 19. dxe5 Qf8 20. Rg3 Qf7 21. Bd3 Ne7 22. Qh4 Rh5 23. Qxh5 1-0

[Event "BAN-ch (Women) 39th"]
[Site "Dhaka"]
[Date "2019.09.24"]
[Round "6"]
[White "Wadifa, Ahmed"]
[Black "Thakur Zania, Haque"]
[Result "1-0"]
[WhiteElo "1362"]
[BlackElo "1487"]
[PlyCount "97"]
[EventDate "2019.09.19"]
[EventType "swiss"]
[EventRounds "9"]
[EventCountry "BAN"]
[SourceTitle "CBM 195 Extra"]
[Source "ChessBase"]
[SourceDate "2020.05.31"]
[SourceVersion "1"]
[SourceVersionDate "2020.05.31"]
[SourceQuality "1"]

1. e4 e5 2. Nf3 Nc6 3. Bb5 Nf6 4. 0-0 d6 5. Re1 Bd7 6. d4 Nxd4 7. Nxd4 exd4 8. Bxd7+ Qxd7 9. Qxd4 h6 10. e5 dxe5 11. Qxe5+ Be7 12. Bd2 Kf8 13. Nc3 Bd6 14. Qe2 c6 15. Rad1 Re8 16. Qd3 Qc7 17. Rxe8+ Nxe8 18. g3 Nf6 19. Bxh6 Bxg3 20. Bxg7+ Kxg7 21. Qxg3+ Qxg3+ 22. fxg3 Re8 23. Rd2 Re7 24. Kf1 Ng4 25. h3 Ne3+ 26. Kf2 Nf5 27. g4 Nh4 28. Kg3 Ng6 29. Re2 Rxe2 30. Nxe2 Ne5 31. h4 Nc4 32. b3 Ne3 33. c4 Kg6 34. Nd4 Nd1 35. Nf5 Nc3 36. a4 Ne4+ 37. Kf4 Nd2 38. h5+ Kh7 39. Nd4 c5 40. Nb5 Nxb3 41. Kf5 Na5 42. Nd6 Kg7 43. g5 Nc6 44. h6+ Kg8 45. Kf6 Nd8 46. h7+ Kxh7 47. Nxf7 Nc6 48. g6+ Kg8 49. Nh6+ 1-0

[Event "Asia zt 3.2 (Women)"]
[Site "Dhaka"]
[Date "2019.03.21"]
[Round "7"]
[White "Wadifa, Ahmed"]
[Black "Thakur Zania, Haque"]
[Result "0-1"]
[WhiteElo "1335"]
[BlackElo "1486"]
[PlyCount "116"]
[EventDate "2019.03.15"]
[EventType "swiss"]
[EventRounds "9"]
[EventCountry "BAN"]
[SourceTitle "CBM 189 Extra"]
[Source "ChessBase"]
[SourceDate "2019.06.03"]
[SourceVersion "1"]
[SourceVersionDate "2019.06.03"]
[SourceQuality "1"]

1. e4 e6 2. d4 d5 3. Nc3 Bb4 4. e5 Bxc3+ 5. bxc3 Nd7 6. Qg4 g6 7. f4 Nh6 8. Qh3 Nf5 9. Nf3 c5 10. g4 Ng7 11. a4 a5 12. Ba3 b6 13. Bb5 Qc7 14. Kd2 h6 15. Rae1 Ba6 16. Bxa6 Rxa6 17. Qf1 Ra7 18. Qb5 0-0 19. Qd3 Rc8 20. Rhf1 cxd4 21. Nxd4 Qc4 22. Nb5 Qxd3+ 23. cxd3 Raa8 24. Rb1 Ne8 25. Rb2 Rab8 26. h3 Kg7 27. Kd1 Nc5 28. Bxc5 bxc5 29. Rff2 Rb7 30. Nd6 Nxd6 31. exd6 Rxb2 32. Rxb2 Rd8 33. Rb5 c4 34. d4 Rxd6 35. Rxa5 Rb6 36. Rb5 Ra6 37. Kc2 Rxa4 38. Rb2 Ra7 39. Rb6 Kf6 40. Kb2 Ke7 41. Rb5 f5 42. gxf5 gxf5 43. Kc2 Kf6 44. Rb1 Rg7 45. Rh1 Rg2+ 46. Kb1 Rg3 47. Kc2 Rf3 48. Kd2 Rxf4 49. Ke3 Rh4 50. Kf3 e5 51. dxe5+ Kxe5 52. Re1+ Re4 53. Rg1 Kf6 54. Rd1 Re5 55. Rd4 h5 56. h4 Ke6 57. Kf4 Re4+ 58. Rxe4+ dxe4 0-1

[Event "Dhaka (Women) op 10th"]
[Site "Dhaka"]
[Date "2019.02.01"]
[Round "6"]
[White "Thakur Zania, Haque"]
[Black "Nusrat Jahan, Alo"]
[Result "0-1"]
[WhiteElo "1520"]
[BlackElo "1443"]
[PlyCount "108"]
[EventDate "2019.01.27"]
[EventType "swiss"]
[EventRounds "7"]
[EventCountry "BAN"]
[SourceTitle "CBM 189 Extra"]
[Source "ChessBase"]
[SourceDate "2019.06.03"]
[SourceVersion "1"]
[SourceVersionDate "2019.06.03"]
[SourceQuality "1"]

1. e4 c5 2. Nf3 d6 3. d4 cxd4 4. Nxd4 Nf6 5. Nc3 a6 6. Be3 e5 7. Nb3 Be6 8. Bd3 d5 9. exd5 Nxd5 10. Nxd5 Bxd5 11. f3 Nd7 12. Qe2 Rc8 13. 0-0 Be7 14. Bf5 g6 15. Bd3 0-0 16. Rac1 f5 17. c4 Be6 18. Rfd1 Qc7 19. Qc2 Nc5 20. Nxc5 Bxc5 21. Bxc5 Qxc5+ 22. Kh1 Rc7 23. b3 Rfc8 24. Re1 Bf7 25. Qe2 Re8 26. Qe3 Qb4 27. h3 Rce7 28. Re2 e4 29. fxe4 fxe4 30. Bb1 Qd6 31. Rce1 Qc6 32. Qf4 Qd7 33. Bxe4 Qd4 34. Qf3 b5 35. cxb5 axb5 36. Bc6 Rxe2 37. Rxe2 Qd1+ 38. Kh2 Rxe2 39. Bxb5 Qd6+ 40. Kh1 Re1+ 41. Bf1 Qd1 42. Kg1 Qxf3 43. gxf3 Ra1 44. Kf2 Rxa2+ 45. Be2 Bxb3 46. Ke3 Kg7 47. Bd3 Be6 48. h4 Ra3 49. Kd4 Bf5 50. Be2 Ra4+ 51. Ke5 Rxh4 52. f4 Rh3 53. Kd4 h5 54. Ke5 Re3+ 0-1

[Event "BAN-ch (Women) 38th"]
[Site "Dhaka"]
[Date "2018.08.12"]
[Round "5"]
[White "Ahmed, Walijah"]
[Black "Thakur Zania, Haque"]
[Result "0-1"]
[WhiteElo "1651"]
[BlackElo "1484"]
[PlyCount "144"]
[EventDate "2018.08.08"]
[EventType "swiss"]
[EventRounds "9"]
[EventCountry "BAN"]
[SourceTitle "EXT 2019"]
[Source "ChessBase"]
[SourceDate "2018.10.10"]
[SourceVersion "1"]
[SourceVersionDate "2018.10.10"]
[SourceQuality "1"]

1. e4 e6 2. d4 d5 3. Nc3 Bb4 4. e5 c5 5. a3 cxd4 6. Qxd4 Bxc3+ 7. bxc3 Nc6 8. Bb5 Bd7 9. Bxc6 Bxc6 10. a4 Ne7 11. Nf3 h6 12. 0-0 Nf5 13. Qg4 Qd7 14. Nd4 Nxd4 15. Qxd4 0-0 16. Qg4 f5 17. Qg3 Kh7 18. a5 Rf7 19. Rd1 g5 20. h4 f4 21. Qg4 Rg8 22. h5 Rf5 23. Qe2 Qf7 24. Re1 g4 25. Qd3 f3 26. g3 Qxh5 27. Bf4 a6 28. Rab1 Bb5 29. Rxb5 axb5 30. Qxb5 Qh3 31. Qf1 Qxf1+ 32. Rxf1 Rc8 33. Rb1 Rf7 34. Rb6 Rc6 35. Rb3 h5 36. Be3 Kg6 37. Kf1 Kf5 38. Bd4 Rh7 39. Ke1 Ke4 40. Kd2 Rc4 41. Rb6 Kf5 42. a6 bxa6 43. Rxa6 Rcc7 44. Ra8 Rcf7 45. Ra1 h4 46. gxh4 Rxh4 47. Rg1 Rfh7 48. Ra1 Rh2 49. Ke3 Rh1 50. Ra8 Re1+ 51. Kd2 Re2+ 52. Kd3 Rh1 53. Rf8+ Kg6 54. c4 Rd1+ 55. Kc3 Rdd2 56. cxd5 Rxc2+ 57. Kb3 exd5 58. Rg8+ Kf5 59. e6 Kxe6 60. Rxg4 Rc4 61. Rf4 Rxd4 62. Rxd4 Rxf2 63. Kc3 Ke5 64. Rd1 Ke4 65. Re1+ Re2 66. Rh1 f2 67. Rf1 d4+ 68. Kc4 d3 69. Rh1 Re1 70. Rh8 f1Q 71. Re8+ Kf3 72. Rf8+ Ke2 0-1

[Event "Dhaka Shamsher Ali Cup 3rd"]
[Site "Dhaka"]
[Date "2018.03.04"]
[Round "3"]
[White "Thakur Zania, Haque"]
[Black "Israt Jahan, Nishi"]
[Result "1-0"]
[WhiteElo "1492"]
[BlackElo "1249"]
[PlyCount "47"]
[EventDate "2018.03.02"]
[EventType "swiss"]
[EventRounds "7"]
[EventCountry "BAN"]
[SourceTitle "EXT 2019"]
[Source "ChessBase"]
[SourceDate "2018.10.10"]
[SourceVersion "1"]
[SourceVersionDate "2018.10.10"]
[SourceQuality "1"]

1. e4 e5 2. Nf3 Nc6 3. Bb5 a6 4. Ba4 Nf6 5. d3 Be7 6. 0-0 d6 7. h3 0-0 8. c3 b5 9. Bb3 Na5 10. Bc2 c5 11. Nbd2 Qc7 12. Re1 Be6 13. Nf1 h6 14. Ng3 c4 15. d4 exd4 16. Nxd4 Qb6 17. Be3 Qb7 18. Qd2 Qd7 19. Ndf5 Bxf5 20. Nxf5 Kh7 21. Bxh6 Rg8 22. Bxg7 Rxg7 23. Qh6+ Kg8 24. Qxg7# 1-0

[Event "Dhaka Shamsher Ali Cup 3rd"]
[Site "Dhaka"]
[Date "2018.03.03"]
[Round "2"]
[White "Khan, Nazrana"]
[Black "Thakur Zania, Haque"]
[Result "1-0"]
[WhiteElo "1929"]
[BlackElo "1492"]
[PlyCount "53"]
[EventDate "2018.03.02"]
[EventType "swiss"]
[EventRounds "7"]
[EventCountry "BAN"]
[SourceTitle "EXT 2019"]
[Source "ChessBase"]
[SourceDate "2018.10.10"]
[SourceVersion "1"]
[SourceVersionDate "2018.10.10"]
[SourceQuality "1"]

1. d4 d5 2. c4 e6 3. Nf3 Nf6 4. Nc3 c6 5. e3 Nbd7 6. Bd3 Bd6 7. 0-0 b6 8. b3 Bb7 9. Bb2 Qc7 10. cxd5 exd5 11. Rc1 0-0 12. Nb5 Qb8 13. Nxd6 Qxd6 14. Ne5 g6 15. f4 Rfe8 16. Qf3 Rac8 17. Qh3 Qe7 18. f5 Nxe5 19. dxe5 Nd7 20. f6 Qf8 21. Qxd7 Rb8 22. Qh3 Bc8 23. Qg3 c5 24. Rf4 h5 25. Bxg6 Kh8 26. Bxh5 Qg8 27. Bxf7 1-0

[Event "Dhaka Laila Alam op 9th"]
[Site "Dhaka"]
[Date "2018.02.05"]
[Round "5"]
[White "Thakur Zania, Haque"]
[Black "Shahana, Sultana"]
[Result "1-0"]
[WhiteElo "1492"]
[BlackElo "1191"]
[PlyCount "59"]
[EventDate "2018.02.01"]
[EventType "swiss"]
[EventRounds "7"]
[EventCountry "BAN"]
[SourceTitle "CBM 182 Extra"]
[Source "ChessBase"]
[SourceDate "2018.02.23"]
[SourceVersion "1"]
[SourceVersionDate "2018.02.23"]
[SourceQuality "1"]

1. e4 e5 2. Nf3 Nc6 3. Bb5 a6 4. Ba4 Nf6 5. 0-0 h6 6. Re1 b5 7. Bb3 Be7 8. c3 0-0 9. d3 Bb7 10. Be3 d6 11. Nbd2 Na5 12. Bc2 c5 13. Nf1 Ng4 14. h3 Nxe3 15. Nxe3 g6 16. Qe2 Rc8 17. Rac1 Bg5 18. Bb1 Bxe3 19. Qxe3 g5 20. b3 f5 21. exf5 Rxf5 22. d4 cxd4 23. cxd4 exd4 24. Qe6+ Rf7 25. Bg6 Qf6 26. Bxf7+ Qxf7 27. Rxc8+ Bxc8 28. Qe8+ Qf8 29. Qg6+ Kh8 30. Re8 1-0

[Event "BAN-ch (Women) 37th"]
[Site "Dhaka"]
[Date "2017.08.21"]
[Round "2"]
[White "Sultana, Zakia"]
[Black "Thakur Zania, Haque"]
[Result "1-0"]
[WhiteElo "1804"]
[BlackElo "1481"]
[PlyCount "113"]
[EventDate "2017.08.20"]
[EventType "swiss"]
[EventRounds "9"]
[EventCountry "BAN"]
[SourceTitle "CBM 180 Extra"]
[Source "ChessBase"]
[SourceDate "2017.10.06"]
[SourceVersion "1"]
[SourceVersionDate "2017.10.06"]
[SourceQuality "1"]

1. d4 d5 2. Nf3 e6 3. e3 Nf6 4. Bd3 Be7 5. Nbd2 c6 6. 0-0 Nbd7 7. c4 0-0 8. e4 dxe4 9. Nxe4 Nxe4 10. Bxe4 Nf6 11. Bc2 Re8 12. Bg5 h6 13. Bh4 Nd7 14. Bxe7 Qxe7 15. Qd3 Nf8 16. Rfe1 Qf6 17. Ne5 Bd7 18. Re3 Qf5 19. Qe2 Qg5 20. Rg3 Qe7 21. Qg4 f5 22. Qh5 Qf6 23. Re1 Re7 24. Rge3 Be8 25. Qd1 Rd8 26. c5 Ng6 27. Bb3 Bf7 28. Rd3 Nf4 29. Rd2 Bh5 30. f3 Nd5 31. Kh1 Kh8 32. Bc4 Rg8 33. Bxd5 cxd5 34. b4 g5 35. g3 Be8 36. a4 a6 37. Rb2 f4 38. g4 h5 39. b5 axb5 40. axb5 hxg4 41. Nxg4 Qg7 42. Ne5 Rc7 43. Qe2 Rf8 44. Qg2 Bh5 45. Qh3 Qh7 46. Rg1 Rf5 47. b6 Rg7 48. c6 bxc6 49. b7 Rxb7 50. Rxb7 Bxf3+ 51. Qxf3 Qxb7 52. Qh5+ Qh7 53. Qe8+ Qg8 54. Qxc6 f3 55. Qc2 f2 56. Rf1 Qf8 57. Ng6+ 1-0

[Event "BAN-chT2"]
[Site "Dhaka"]
[Date "2016.11.05"]
[Round "3.1"]
[White "Thakur Zania, Haque"]
[Black "Md Nasim, Hossain Bhuiy"]
[Result "0-1"]
[WhiteElo "1484"]
[BlackElo "1942"]
[PlyCount "64"]
[EventDate "2016.11.03"]
[EventType "team-swiss"]
[EventRounds "7"]
[EventCountry "BAN"]
[SourceTitle "CBM 175 Extra"]
[Source "ChessBase"]
[SourceDate "2016.12.12"]
[SourceVersion "1"]
[SourceVersionDate "2016.12.12"]
[SourceQuality "1"]
[WhiteTeam "Bangladesh Mohila Daba"]
[BlackTeam "Royel Electronics"]
[WhiteTeamCountry "BAN"]
[BlackTeamCountry "BAN"]

1. e4 e5 2. Nf3 Nc6 3. Bb5 a6 4. Ba4 Nf6 5. 0-0 b5 6. Bb3 Be7 7. Re1 0-0 8. c3 d6 9. h3 Na5 10. Bc2 c5 11. d4 cxd4 12. cxd4 Qc7 13. d5 Bd7 14. Bd3 Nb7 15. Bg5 Qd8 16. Nbd2 Nxd5 17. Bxe7 Nxe7 18. Nf1 Ng6 19. Ng3 Nf4 20. Bc2 Be6 21. b3 Rc8 22. Rc1 Qa5 23. Bb1 Rxc1 24. Qxc1 Rc8 25. Qd2 Qc3 26. Qxc3 Rxc3 27. Ng5 Bd7 28. Ne2 Nxe2+ 29. Kf1 Nf4 30. Re3 Rc1+ 31. Re1 Rxe1+ 32. Kxe1 Nxg2+ 0-1